[Event "European Hybrid Qual 2021"]
[Site "Tornelo INT"]
[Date "2021.05.24"]
[Round "1.1"]
[White "Ibarra Jerez, Jose Carlos"]
[Black "Rocha, Sergio"]
[Result "1-0"]
[WhiteTitle "GM"]
[BlackTitle "IM"]
[WhiteElo "2558"]
[BlackElo "2340"]
[WhiteFideId "2226332"]
[BlackFideId "1900404"]
[EventDate "2021.05.24"]
[EventType "k.o."]

1. e4 d5 2. exd5 Qxd5 3. Nc3 Qa5 4. d4 c6 5. Bc4 Nf6 6. Bd2 Bf5 7. Qe2 e6 8. d5
cxd5 9. Nxd5 Qd8 10. Nxf6+ gxf6 11. O-O-O Qc7 12. g4 Bg6 13. f4 f5 14. Bc3 Rg8
15. Be5 Qc5 16. Bxb8 Rxb8 17. Rd5 Qc7 18. Bb5+ Ke7 19. Rd7+ Qxd7 20. Bxd7 Kxd7
21. Qb5+ Kc7 22. Qc4+ Kb6 23. Nf3 Bd6 24. Ne5 Bxe5 25. Qb4+ Ka6 26. fxe5 Rgd8
27. a4 b6 28. gxf5 Bxf5 29. Qb5+ Kb7 30. Rd1 Rxd1+ 31. Kxd1 Rd8+ 32. Kc1 Rd5 33.
Qe8 Rxe5 34. Qd7+ Ka6 35. Qc8+ 1-0

[Event "European Hybrid Qual 2021"]
[Site "Tornelo INT"]
[Date "2021.05.25"]
[Round "1.2"]
[White "Rocha, Sergio"]
[Black "Ibarra Jerez, Jose Carlos"]
[Result "1/2-1/2"]
[WhiteTitle "IM"]
[BlackTitle "GM"]
[WhiteElo "2340"]
[BlackElo "2558"]
[WhiteFideId "1900404"]
[BlackFideId "2226332"]
[EventDate "2021.05.24"]
[EventType "k.o."]

1. d4 Nf6 2. c4 e6 3. Nf3 b6 4. g3 Ba6 5. Qa4 Bb7 6. Bg2 c5 7. d5 exd5 8. Nh4
Bc6 9. Qc2 Be7 10. Nf5 O-O 11. cxd5 Nxd5 12. e4 Nb4 13. Qe2 Bb7 14. O-O g6 15.
Nh6+ Kg7 16. Nc3 Bg5 17. Ng4 Ba6 18. Nb5 N8c6 19. a4 Nd4 20. Qc4 Bxc1 21. Rfxc1
d5 22. exd5 Qd7 23. Ne3 Bxb5 24. axb5 Qxb5 25. Rd1 Qxc4 26. Nxc4 Rad8 27. Rxa7
Nxd5 28. Kf1 Rfe8 29. Bxd5 Rxd5 30. Nxb6 Rf5 31. Re1 Rxe1+ 32. Kxe1 Nf3+ 33. Ke2
Nxh2 34. Nc4 Nf3 35. Ke3 1/2-1/2

[Event "European Hybrid Qual 2021"]
[Site "Tornelo INT"]
[Date "2021.05.24"]
[Round "1.1"]
[White "Kozul, Zdenko"]
[Black "Harvey, Marcus R"]
[Result "1-0"]
[WhiteTitle "GM"]
[BlackTitle "FM"]
[WhiteElo "2597"]
[BlackElo "2440"]
[WhiteFideId "14502879"]
[BlackFideId "400092"]
[EventDate "2021.05.24"]
[EventType "k.o."]

1. d4 d5 2. c4 c6 3. e3 Nf6 4. Nf3 Bf5 5. Nc3 e6 6. Nh4 Be4 7. f3 Bg6 8. Qb3 Qc7
9. Bd2 Be7 10. Nxg6 hxg6 11. O-O-O dxc4 12. Bxc4 b5 13. Bd3 a6 14. Ne4 Nbd7 15.
Kb1 c5 16. Nxc5 Nxc5 17. dxc5 Qxc5 18. Qc2 Qxc2+ 19. Bxc2 Bd6 20. h3 Ke7 21. e4
Rhd8 22. Bg5 Bg3 23. a4 Rab8 24. axb5 Rxb5 25. Rxd8 Kxd8 26. Rd1+ Kc7 27. Bc1
Bf2 28. Ba4 Rb4 29. Bf4+ Kc8 30. b3 Bb6 31. Be5 Bc7 32. Rc1 Rb7 33. Ka2 Kb8 34.
Bd4 Bb6 35. Bb2 Ka7 36. Ba3 Rb8 37. Be7 Kb7 38. Bc6+ Ka7 39. Rc4 Be3 40. Bd6 Rc8
41. e5 Nh5 42. Ba4 Rxc4 43. bxc4 Kb6 44. Be8 f6 45. Bxg6 Nf4 46. Bf7 Nxg2 47.
exf6 gxf6 48. Bxe6 Nh4 49. Bd5 f5 50. Be7 Ng6 51. Bd8+ Kc5 52. h4 Bh6 53. Kb3 a5
54. h5 Nf4 55. Bf7 Nd3 56. Bxa5 Nc1+ 57. Ka4 Nd3 58. Bc3 Kc6 59. Kb3 Kc5 60. Bf6
Nc1+ 61. Ka4 Nd3 62. Be7+ Kc6 63. Kb3 Nc1+ 64. Kb4 Bd2+ 65. Ka4 Nd3 66. Bf8 Nc5+
67. Ka3 Bc1+ 68. Ka2 Nd3 69. h6 Ne5 70. Be8+ Kb6 71. h7 Ng6 72. Bxg6 1-0

[Event "European Hybrid Qual 2021"]
[Site "Tornelo INT"]
[Date "2021.05.25"]
[Round "1.2"]
[White "Harvey, Marcus R"]
[Black "Kozul, Zdenko"]
[Result "1-0"]
[WhiteTitle "FM"]
[BlackTitle "GM"]
[WhiteElo "2440"]
[BlackElo "2597"]
[WhiteFideId "400092"]
[BlackFideId "14502879"]
[EventDate "2021.05.24"]
[EventType "k.o."]

1. d4 Nf6 2. c4 g6 3. Nc3 Bg7 4. e4 d6 5. f4 O-O 6. Nf3 c5 7. d5 e6 8. Be2 exd5
9. cxd5 Bg4 10. O-O Re8 11. h3 Bxf3 12. Bxf3 Nbd7 13. g4 h6 14. h4 Nh7 15. g5
hxg5 16. hxg5 a6 17. a4 Bd4+ 18. Kg2 f6 19. Ne2 fxg5 20. Nxd4 cxd4 21. Bg4 Ndf8
22. fxg5 Nxg5 23. Rf4 Nf7 24. Qxd4 Ne5 25. Bd2 b6 26. Rc1 Ra7 27. Rc8 Qe7 28.
Rxe8 Qxe8 29. Qxb6 Rf7 30. Rxf7 Nxf7 31. Qd4 Ne5 32. Be2 Qc8 33. Bc3 Nfd7 34.
Bg4 Qd8 35. Be6+ Kh7 36. Qe3 Nf6 37. Bxe5 dxe5 38. Qg5 Kg7 39. Bf5 Qe8 40. d6 a5
41. b3 Qf7 42. Kh2 Qe8 43. Bh3 Kf7 44. Qd2 Qb8 45. d7 Ke7 46. Qxa5 Nxd7 47. Qd5
Nf8 48. a5 Kf6 49. Qc5 Kg7 50. a6 Qxb3 51. Qxe5+ Kh6 52. Qf4+ Kg7 53. Qc7+ Kh6
54. a7 Qa2+ 55. Bg2 Ne6 56. Qb8 Qf2 57. Qh8+ Kg5 58. Qe5+ Kh6 59. a8=Q Qh4+ 60.
Kg1 Qe1+ 61. Bf1 1-0

[Event "European Hybrid Qual 2021"]
[Site "Tornelo INT"]
[Date "2021.05.25"]
[Round "1.3"]
[White "Harvey, Marcus R"]
[Black "Kozul, Zdenko"]
[Result "0-1"]
[WhiteTitle "FM"]
[BlackTitle "GM"]
[WhiteElo "2440"]
[BlackElo "2597"]
[WhiteFideId "400092"]
[BlackFideId "14502879"]
[EventDate "2021.05.24"]
[EventType "k.o."]

1. Nf3 Nf6 2. b3 d5 3. Bb2 c6 4. e3 Bg4 5. Be2 e6 6. O-O Nbd7 7. h3 Bh5 8. c4
Bd6 9. Nc3 O-O 10. d4 Rc8 11. Nd2 Bxe2 12. Qxe2 Re8 13. Rfd1 Bb8 14. e4 e5 15.
dxe5 Bxe5 16. Qf3 dxe4 17. Qe2 Qc7 18. b4 Nf8 19. Rab1 Ng6 20. Ba1 Qe7 21. Qe3
Bf4 22. Qxa7 e3 23. Nf1 e2 24. Nxe2 Qxe2 25. Bxf6 gxf6 26. Qxb7 Qxc4 27. a4 Ne5
28. Qa7 Ra8 29. Qd4 Rxa4 30. Qxc4 Nxc4 31. Rd4 Na3 32. Ra1 Be5 33. Rg4+ Kh8 34.
Rc1 f5 35. Rh4 Nb5 36. Rxc6 Ra1 37. g3 Nd4 0-1

[Event "European Hybrid Qual 2021"]
[Site "Tornelo INT"]
[Date "2021.05.25"]
[Round "1.4"]
[White "Kozul, Zdenko"]
[Black "Harvey, Marcus R"]
[Result "1-0"]
[WhiteTitle "GM"]
[BlackTitle "FM"]
[WhiteElo "2597"]
[BlackElo "2440"]
[WhiteFideId "14502879"]
[BlackFideId "400092"]
[EventDate "2021.05.24"]
[EventType "k.o."]

1. d4 e6 2. c4 f5 3. Nf3 Nf6 4. g3 Be7 5. Bg2 O-O 6. O-O d6 7. Nc3 a5 8. b3 Qe8
9. Bb2 Qg6 10. e3 Qh6 11. Qc2 Nc6 12. a3 e5 13. dxe5 dxe5 14. Nd5 e4 15. Nxe7+
Nxe7 16. Ne5 Ng6 17. Nxg6 Qxg6 18. Rfd1 Be6 19. Rd2 a4 20. b4 Qf7 21. Bf1 Ng4
22. Qc3 h5 23. h3 Nf6 24. h4 Nd7 25. Rad1 Nb6 26. c5 Nc8 27. Rd7 Bxd7 28. Bc4
Kh7 29. Bxf7 Rxf7 30. Qe5 Bb5 31. Qe6 Rf8 32. Rd7 Bxd7 33. Qxd7 Rf7 34. Qxf7 1-0

[Event "European Hybrid Qual 2021"]
[Site "Tornelo INT"]
[Date "2021.05.24"]
[Round "1.1"]
[White "Martinovic, Sasa"]
[Black "Seo, Jung Min"]
[Result "1/2-1/2"]
[WhiteTitle "GM"]
[BlackTitle "IM"]
[WhiteElo "2548"]
[BlackElo "2453"]
[WhiteFideId "14509792"]
[BlackFideId "1734687"]
[EventDate "2021.05.24"]
[EventType "k.o."]

1. d4 Nf6 2. c4 e6 3. Nf3 d5 4. Nc3 c5 5. cxd5 Nxd5 6. e4 Nxc3 7. bxc3 cxd4 8.
cxd4 Bb4+ 9. Bd2 Bxd2+ 10. Qxd2 O-O 11. Bc4 Nd7 12. O-O b6 13. Rad1 Bb7 14. Rfe1
Rc8 15. Bb3 h6 16. h3 Nf6 17. d5 exd5 18. exd5 Rc5 19. Re3 Qd6 20. Nd4 Qf4 21.
Ne2 Qg5 22. Re7 Qxd2 23. Rxd2 Bxd5 24. Bxd5 Rxd5 25. Rxd5 Nxd5 26. Rxa7 Rd8 27.
a4 Rc8 28. a5 bxa5 29. Rxa5 Nf6 30. Ra2 h5 31. h4 g6 32. f3 Kg7 33. Kf2 Rc7 34.
Rd2 Rd7 35. Rxd7 Nxd7 36. g4 hxg4 37. fxg4 Nf6 38. Kf3 Nd5 39. Ke4 Nf6+ 40. Kf3
Nd5 41. Ke4 Nf6+ 42. Kf3 1/2-1/2

[Event "European Hybrid Qual 2021"]
[Site "Tornelo INT"]
[Date "2021.05.25"]
[Round "1.2"]
[White "Seo, Jung Min"]
[Black "Martinovic, Sasa"]
[Result "1/2-1/2"]
[WhiteTitle "IM"]
[BlackTitle "GM"]
[WhiteElo "2453"]
[BlackElo "2548"]
[WhiteFideId "1734687"]
[BlackFideId "14509792"]
[EventDate "2021.05.24"]
[EventType "k.o."]

1. d4 Nf6 2. c4 e6 3. Nf3 d5 4. Nc3 Nbd7 5. cxd5 exd5 6. Bg5 c6 7. e3 Be7 8. Bd3
O-O 9. Qc2 h6 10. Bh4 Re8 11. Bg3 Nh5 12. O-O Nxg3 13. hxg3 Bd6 14. Rad1 Nf6 15.
e4 dxe4 16. Nxe4 Bg4 17. Rfe1 Bb4 18. Re2 Nxe4 19. Rxe4 Rxe4 20. Bxe4 Qe7 21. d5
Rd8 22. Rd4 Bxf3 23. Bxf3 cxd5 24. Rxd5 b6 25. Rxd8+ Qxd8 26. Qd1 Qf6 27. Qe2 g6
28. g4 Bc5 29. g3 Kg7 30. Kg2 a5 31. b3 Qd4 32. Bc6 Qf6 33. Qf3 Qxf3+ 34. Kxf3
Kf6 35. Bd5 Ke7 36. a4 f6 37. Bc4 Kd6 38. Kg2 Ke5 39. f3 Kd4 40. Bg8 Ke3 41. Bc4
g5 42. Bg8 Bd4 43. Bf7 Bc5 44. Bg8 Bd4 45. Bf7 Bc5 46. Bg8 1/2-1/2

[Event "European Hybrid Qual 2021"]
[Site "Tornelo INT"]
[Date "2021.05.25"]
[Round "1.3"]
[White "Seo, Jung Min"]
[Black "Martinovic, Sasa"]
[Result "1-0"]
[WhiteTitle "IM"]
[BlackTitle "GM"]
[WhiteElo "2453"]
[BlackElo "2548"]
[WhiteFideId "1734687"]
[BlackFideId "14509792"]
[EventDate "2021.05.24"]
[EventType "k.o."]

1. e4 e6 2. d4 d5 3. Nd2 c5 4. exd5 Qxd5 5. Ngf3 cxd4 6. Bc4 Qd6 7. O-O Nf6 8.
Nb3 Nc6 9. Nbxd4 Nxd4 10. Nxd4 Be7 11. c3 O-O 12. Qf3 Qc7 13. Bb3 a5 14. a4 Bd7
15. Re1 Rfe8 16. Bf4 Bd6 17. Bxd6 Qxd6 18. Qxb7 Rab8 19. Qf3 Qc5 20. Nb5 Red8
21. c4 Bc6 22. Qf4 Qb4 23. Qe3 Rd2 24. Qc3 Qxc3 25. bxc3 Ne4 26. Rad1 Rb2 27.
Rb1 Rxf2 28. Bd1 Ra2 29. Bf3 f5 30. Nd4 Rxb1 31. Rxb1 Bxa4 32. Nxe6 Nd2 33. Rb7
Nxf3+ 34. gxf3 g6 35. Rg7+ Kh8 36. Ra7 h6 37. Nf4 1-0

[Event "European Hybrid Qual 2021"]
[Site "Tornelo INT"]
[Date "2021.05.25"]
[Round "1.4"]
[White "Martinovic, Sasa"]
[Black "Seo, Jung Min"]
[Result "1-0"]
[WhiteTitle "GM"]
[BlackTitle "IM"]
[WhiteElo "2548"]
[BlackElo "2453"]
[WhiteFideId "14509792"]
[BlackFideId "1734687"]
[EventDate "2021.05.24"]
[EventType "k.o."]

1. d4 Nf6 2. c4 c6 3. Nf3 d5 4. e3 e6 5. b3 Nbd7 6. Bb2 Bd6 7. Bd3 O-O 8. Qc2
Qe7 9. Ne5 h6 10. Nd2 c5 11. O-O b6 12. f4 Bb7 13. Rae1 Rac8 14. Qb1 Rfe8 15.
Kh1 cxd4 16. exd4 Bb4 17. Re2 Bxd2 18. Rxd2 Ne4 19. Bxe4 dxe4 20. Qe1 f5 21. d5
exd5 22. cxd5 Rcd8 23. d6 Qe6 24. Qg3 Nxe5 25. Bxe5 Rd7 26. Rc1 Rf8 27. Rc7 Rff7
28. h3 Kh7 29. Kh2 Qg6 30. Qc3 Qe6 31. Re2 Ba6 32. Re3 Qd5 33. Rg3 g6 34. Rc8
Bxc8 35. Qxc8 Rg7 36. Rc3 Rxd6 37. Bxg7 Rd8 38. Qc7 Rd7 39. Qe5 Qd2 40. Bf6 1-0

[Event "European Hybrid Qual 2021"]
[Site "Tornelo INT"]
[Date "2021.05.25"]
[Round "1.5"]
[White "Martinovic, Sasa"]
[Black "Seo, Jung Min"]
[Result "1-0"]
[WhiteTitle "GM"]
[BlackTitle "IM"]
[WhiteElo "2548"]
[BlackElo "2453"]
[WhiteFideId "14509792"]
[BlackFideId "1734687"]
[EventDate "2021.05.24"]
[EventType "k.o."]

1. d4 Nf6 2. c4 g6 3. Nc3 Bg7 4. e4 O-O 5. Nf3 d6 6. Be2 e5 7. O-O Nc6 8. d5 Ne7
9. Ne1 Nd7 10. Nd3 f5 11. f3 a5 12. Bd2 f4 13. Rc1 g5 14. Nb5 b6 15. a3 a4 16.
Nc3 h5 17. Nxa4 Nf6 18. Nf2 Qe8 19. Nc3 Qg6 20. h3 g4 21. fxg4 hxg4 22. Nxg4
Nxg4 23. Bxg4 Bxg4 24. Qxg4 Qxg4 25. hxg4 Ng6 26. Nb5 Rf7 27. Rf3 Nh4 28. Rh3
Bf6 29. Be1 Ng6 30. b4 Ra4 31. Rb3 Rg7 32. Nc3 Ra8 33. Nd1 Nf8 34. Nf2 Nd7 35.
Ra1 Ra4 36. Rh3 Nf8 37. Bd2 Nd7 38. g3 Bg5 39. Nd3 fxg3 40. Bxg5 Rxg5 41. Rxg3
Nf6 42. Nf2 Kg7 43. Kg2 Kf7 44. Rh1 Rg7 45. Rh8 Nh7 46. Rc8 Kg6 47. Nh3 Ng5 48.
Nxg5 Kxg5 49. Rf8 Kh4 50. Rh3+ Kg5 51. Rf5+ Kg6 52. g5 Rh7 53. Rxh7 Kxh7 54. Rf3
Kg6 55. Rg3 Ra8 56. Kh3 Rf8 57. a4 Rf4 58. a5 bxa5 59. bxa5 Rf8 60. Kg4 Rf4+ 61.
Kh3 Rf8 62. a6 Ra8 63. Ra3 Kxg5 64. Kg3 Kh5 65. a7 Kg5 66. Ra1 Kh5 67. Kf3 Kg5
68. Ke3 Kh5 69. Kd3 Kg4 70. Ke3 Kg3 71. Rg1+ Kh4 72. Ra1 Kg3 73. Kd3 Kf3 74. Ra2
Kf4 75. Rf2+ Kg3 76. Ra2 Kf3 77. Ra4 Kf4 78. Ra6 Kf3 79. Ra4 Kf4 80. c5 dxc5 81.
Kc4 Kxe4 82. Kxc5+ Kd3 83. Kc6 e4 84. Kxc7 e3 85. Kb7 e2 86. Ra1 1-0

[Event "European Hybrid Qual 2021"]
[Site "Tornelo INT"]
[Date "2021.05.24"]
[Round "1.1"]
[White "Hakobyan, Aram"]
[Black "Nasuta, Grzegorz"]
[Result "0-1"]
[WhiteTitle "GM"]
[BlackTitle "GM"]
[WhiteElo "2598"]
[BlackElo "2512"]
[WhiteFideId "13306677"]
[BlackFideId "1141686"]
[EventDate "2021.05.24"]
[EventType "k.o."]

1. e4 e5 2. Nf3 Nc6 3. Bb5 Nge7 4. Bc4 d5 5. exd5 Nxd5 6. O-O Be7 7. Re1 Bg4 8.
h3 Bh5 9. g4 Bg6 10. Nxe5 Nxe5 11. Rxe5 Nb6 12. Bb3 O-O 13. d3 Kh8 14. Qf3 f5
15. Nd2 fxg4 16. Qxg4 Bd6 17. Rg5 Qf6 18. Qg2 Rae8 19. Kf1 Bc5 20. Nf3 Nd7 21.
d4 Be4 22. dxc5 Bxf3 23. Qg3 Qd4 24. Be3 Rxe3 25. fxe3 Qxe3 0-1

[Event "European Hybrid Qual 2021"]
[Site "Tornelo INT"]
[Date "2021.05.25"]
[Round "1.2"]
[White "Nasuta, Grzegorz"]
[Black "Hakobyan, Aram"]
[Result "1/2-1/2"]
[WhiteTitle "GM"]
[BlackTitle "GM"]
[WhiteElo "2512"]
[BlackElo "2598"]
[WhiteFideId "1141686"]
[BlackFideId "13306677"]
[EventDate "2021.05.24"]
[EventType "k.o."]

1. e4 c5 2. c3 e5 3. Nf3 Nc6 4. Bc4 Nf6 5. Ng5 d5 6. exd5 Nxd5 7. Qh5 g6 8. Qf3
Qxg5 9. Bxd5 Nd8 10. O-O Qe7 11. d4 cxd4 12. cxd4 exd4 13. b3 Be6 14. Ba3 Qd7
15. Qf6 Rg8 16. Bxf8 Kxf8 17. Be4 Nc6 18. Bxc6 bxc6 19. Nd2 Qd8 20. Qe5 Qd5 21.
Qf6 c5 22. Rac1 Rc8 23. Rfe1 Qf5 24. Qh4 Kg7 25. Ne4 Rgd8 26. Rxc5 Rxc5 27. Nxc5
g5 28. Nxe6+ fxe6 29. Qg3 Rd7 30. h4 d3 31. Qxg5+ Qxg5 32. hxg5 Kg6 33. f3 Kxg5
34. Kf2 Rd5 35. Rd1 h5 36. g3 h4 37. gxh4+ Kf4 38. Rg1 Re5 39. Rg4+ Kf5 40. Rg5+ 1/2-1/2

[Event "European Hybrid Qual 2021"]
[Site "Tornelo INT"]
[Date "2021.05.24"]
[Round "1.1"]
[White "Saric, Ante"]
[Black "Shuvalova, Polina"]
[Result "1/2-1/2"]
[WhiteTitle "GM"]
[BlackTitle "IM"]
[WhiteElo "2543"]
[BlackElo "2484"]
[WhiteFideId "14506254"]
[BlackFideId "24171760"]
[EventDate "2021.05.24"]
[EventType "k.o."]

1. d4 Nf6 2. c4 e6 3. Nf3 d5 4. Nc3 dxc4 5. e3 a6 6. Bxc4 b5 7. Bb3 Bb7 8. O-O
Nbd7 9. e4 b4 10. e5 bxc3 11. exf6 cxb2 12. fxg7 Bxg7 13. Bxb2 O-O 14. Rc1 c5
15. Ba3 Bxf3 16. Qxf3 Bxd4 17. Ba4 Ne5 18. Qg3+ Ng6 19. Bxc5 Bxc5 20. Rxc5 Qd4
21. Qa3 Rfd8 22. Bb3 Nf4 23. Rc4 Qf6 24. Bd1 e5 25. Qf3 Rab8 26. Rc6 Rd6 27.
Rxd6 Qxd6 28. g3 Nh3+ 29. Kg2 Ng5 30. Qg4 Qc6+ 31. Kg1 Qg6 32. h4 Ne6 33. Qe2
Rb5 34. h5 Qg5 35. Qf3 Nd4 36. Qa8+ Kg7 37. Qxa6 e4 38. Qa3 h6 39. Qe3 Qd5 40.
Bg4 Nf3+ 41. Kg2 Ra5 42. a3 Ne5 43. Be2 Nd3 44. Rb1 Rxa3 45. Kh2 Ra6 46. Kg2 Rf6
47. Rf1 Ne5 48. Rd1 Nd3 49. Rf1 Ne5 50. Rd1 Nd3 51. Rf1 1/2-1/2

[Event "European Hybrid Qual 2021"]
[Site "Tornelo INT"]
[Date "2021.05.25"]
[Round "1.2"]
[White "Shuvalova, Polina"]
[Black "Saric, Ante"]
[Result "1/2-1/2"]
[WhiteTitle "IM"]
[BlackTitle "GM"]
[WhiteElo "2484"]
[BlackElo "2543"]
[WhiteFideId "24171760"]
[BlackFideId "14506254"]
[EventDate "2021.05.24"]
[EventType "k.o."]

1. e4 e5 2. Nf3 Nf6 3. d4 Nxe4 4. Bd3 d5 5. Nxe5 Nd7 6. Nxd7 Bxd7 7. O-O Bd6 8.
Nc3 Nxc3 9. bxc3 O-O 10. Qh5 f5 11. Re1 c6 12. Bg5 Qc7 13. g3 g6 14. Qh6 b5 15.
h4 Rf7 16. Bf4 Bxf4 17. Qxf4 Qxf4 18. gxf4 Re8 19. Rxe8+ Bxe8 20. a4 a6 21. axb5
axb5 22. Kg2 h5 1/2-1/2

[Event "European Hybrid Qual 2021"]
[Site "Tornelo INT"]
[Date "2021.05.25"]
[Round "1.3"]
[White "Shuvalova, Polina"]
[Black "Saric, Ante"]
[Result "0-1"]
[WhiteTitle "IM"]
[BlackTitle "GM"]
[WhiteElo "2484"]
[BlackElo "2543"]
[WhiteFideId "24171760"]
[BlackFideId "14506254"]
[EventDate "2021.05.24"]
[EventType "k.o."]

1. e4 e5 2. Bc4 Nf6 3. d3 Bc5 4. Nf3 d6 5. c3 Bb6 6. Nbd2 c6 7. O-O O-O 8. h3
Nbd7 9. Re1 Re8 10. Bb3 Nf8 11. Nc4 Bc7 12. Ne3 d5 13. Qc2 h6 14. Bd2 Be6 15.
Rad1 Qd7 16. exd5 Nxd5 17. Nc4 f6 18. Ne3 Rad8 19. d4 e4 20. Nh2 f5 21. Nxd5
cxd5 22. Nf1 b5 23. a4 a6 24. axb5 axb5 25. Ra1 f4 26. Qd1 Kh8 27. Bc2 Bxh3 28.
gxh3 Qxh3 29. f3 exf3 0-1

[Event "European Hybrid Qual 2021"]
[Site "Tornelo INT"]
[Date "2021.05.25"]
[Round "1.4"]
[White "Saric, Ante"]
[Black "Shuvalova, Polina"]
[Result "1/2-1/2"]
[WhiteTitle "GM"]
[BlackTitle "IM"]
[WhiteElo "2543"]
[BlackElo "2484"]
[WhiteFideId "14506254"]
[BlackFideId "24171760"]
[EventDate "2021.05.24"]
[EventType "k.o."]

1. Nf3 Nf6 2. c4 e6 3. d4 d5 4. g3 Bb4+ 5. Bd2 Be7 6. Bg2 c6 7. Qb3 Nbd7 8. O-O
O-O 9. Bb4 Bxb4 10. Qxb4 b6 11. cxd5 Nxd5 12. Qd2 Bb7 13. Nc3 N7f6 14. Rfd1 Rc8
15. Rac1 Qe7 16. Ne5 h6 17. a3 Rfd8 18. Nxd5 cxd5 19. Rxc8 Rxc8 20. Rc1 Rc7 21.
Rc2 Ne8 22. Qc1 Rxc2 23. Qxc2 f6 24. Nd3 Nd6 25. e3 g5 26. Nc1 Kg7 27. Ne2 Ba6
28. Nc3 Qc7 29. Qc1 Qf7 30. Nb1 Bd3 31. Nd2 Qd7 32. Qc3 Be2 33. Bf1 Bxf1 34.
Kxf1 g4 35. Kg2 h5 36. h4 gxh3+ 37. Kxh3 e5+ 38. Kg2 e4 39. Qb3 Qc6 40. Qd1 Kg6
41. Nb1 Nc4 42. Qc1 Qb5 43. Nc3 Qc6 44. Ne2 Qd7 45. Nf4+ Kg5 46. b3 Na5 47. Qd1
Qg4 48. Qxg4+ hxg4 49. b4 Nc4 50. a4 Nb2 51. a5 bxa5 52. bxa5 Nc4 53. a6 Nb6 54.
Kf1 f5 55. Ke2 Kf6 56. Kd2 Ke7 57. Kc3 Kd6 58. Nh5 Na8 59. Ng7 Nc7 60. Nxf5+ Ke6
61. Nh6 Nxa6 62. Nxg4 Nc7 63. Nh2 a5 64. f3 Nb5+ 65. Kb3 Nd6 66. Ka4 Nc4 67.
fxe4 dxe4 68. Ng4 Kf5 69. Nf2 Nxe3 70. Nxe4 Kxe4 71. Kxa5 Kxd4 72. g4 Nxg4 1/2-1/2

[Event "European Hybrid Qual 2021"]
[Site "Tornelo INT"]
[Date "2021.05.24"]
[Round "1.1"]
[White "Alonso Rosell, Alvar"]
[Black "Quispe Arteaga, Gabriel"]
[Result "1-0"]
[WhiteTitle "GM"]
[BlackTitle "FM"]
[WhiteElo "2572"]
[BlackElo "2386"]
[WhiteFideId "2270544"]
[BlackFideId "32059809"]
[EventDate "2021.05.24"]
[EventType "k.o."]

1. d4 Nf6 2. c4 e6 3. Nc3 Bb4 4. f3 d5 5. a3 Bxc3+ 6. bxc3 h6 7. cxd5 exd5 8. e3
O-O 9. Bd3 c5 10. Ne2 b6 11. O-O Ba6 12. Ng3 Bxd3 13. Qxd3 Nc6 14. Bb2 Rc8 15.
Rad1 cxd4 16. cxd4 Ne7 17. e4 Kh8 18. Bc3 Nfg8 19. e5 a5 20. Rb1 Rc6 21. f4 f5
22. Rb5 Nc8 23. Rfb1 Nge7 24. Nf1 Qd7 25. Be1 Qe6 26. Ne3 g5 27. Bg3 Na7 28.
R5b2 Rfc8 29. Rf1 Rf8 30. Rbf2 g4 31. Bh4 Nac8 32. h3 h5 33. hxg4 hxg4 34. g3
Kg8 35. Rh2 1-0

[Event "European Hybrid Qual 2021"]
[Site "Tornelo INT"]
[Date "2021.05.25"]
[Round "1.2"]
[White "Quispe Arteaga, Gabriel"]
[Black "Alonso Rosell, Alvar"]
[Result "1/2-1/2"]
[WhiteTitle "FM"]
[BlackTitle "GM"]
[WhiteElo "2386"]
[BlackElo "2572"]
[WhiteFideId "32059809"]
[BlackFideId "2270544"]
[EventDate "2021.05.24"]
[EventType "k.o."]

1. Nf3 c5 2. c4 Nc6 3. Nc3 g6 4. e3 Nf6 5. d4 cxd4 6. exd4 d5 7. cxd5 Nxd5 8.
Bc4 Nxc3 9. Qb3 Nd5 10. Bxd5 e6 11. Bxc6+ bxc6 12. O-O f6 13. Bf4 Qd5 14. Rfc1
Be7 15. Rc3 Kf7 16. Rac1 Bd7 17. Qb7 Rhd8 18. Bc7 Rdc8 19. Bf4 Be8 20. h4 Rd8
21. Bg3 Qd7 22. Qa6 Qd5 23. Rb3 Kf8 24. Bc7 Rdc8 25. Bg3 Rd8 26. Bc7 Rdc8 27.
Ba5 Rcb8 28. Rxb8 Rxb8 29. b3 Qb5 30. Qxb5 Rxb5 31. Bd2 Rd5 32. Rc4 Bd8 33. Bb4+
Kf7 34. Bc5 a5 35. b4 axb4 36. Rxb4 Be7 37. Rb7 Bd7 38. Bb6 Rb5 39. a4 Rb1+ 40.
Kh2 Bc8 41. Rc7 Rxb6 42. Rxc8 Ra6 1/2-1/2

[Event "European Hybrid Qual 2021"]
[Site "Tornelo INT"]
[Date "2021.05.24"]
[Round "1.1"]
[White "Shevchenko, Kirill"]
[Black "Spasov, Vasil"]
[Result "1/2-1/2"]
[WhiteTitle "GM"]
[BlackTitle "GM"]
[WhiteElo "2599"]
[BlackElo "2497"]
[WhiteFideId "14129574"]
[BlackFideId "2900041"]
[EventDate "2021.05.24"]
[EventType "k.o."]

1. e4 c5 2. Nc3 Nc6 3. Bb5 g6 4. Bxc6 bxc6 5. d3 Bg7 6. f4 d6 7. Nf3 Nh6 8. O-O
O-O 9. Qe1 f6 10. Qg3 e6 11. b3 Nf7 12. Be3 Bd7 13. Rad1 Qe7 14. Qh4 Rae8 15.
Na4 e5 16. fxe5 Nxe5 17. Nxe5 Qxe5 18. Bd2 g5 19. Qe1 f5 20. Bc3 Qe7 21. exf5
Bxf5 22. Qxe7 Rxe7 23. Rde1 Rxe1 24. Rxe1 Bd4+ 25. Bxd4 cxd4 26. Nb2 Rf6 27.
Re8+ Rf8 28. Re1 Rf6 29. Nc4 Kf7 30. Na5 c5 31. Nc6 a6 32. Re7+ Kf8 33. Ra7 Bg4
34. h4 gxh4 35. Rxa6 Re6 36. b4 Re1+ 37. Kh2 Re2 38. Kg1 Rxc2 39. bxc5 dxc5 40.
Ne5 h5 41. a4 Re2 42. Ng6+ Kf7 43. Nf4 Ra2 44. Rc6 Rxa4 45. Rc7+ Kf6 46. Rxc5 1/2-1/2

[Event "European Hybrid Qual 2021"]
[Site "Tornelo INT"]
[Date "2021.05.25"]
[Round "1.2"]
[White "Spasov, Vasil"]
[Black "Shevchenko, Kirill"]
[Result "1/2-1/2"]
[WhiteTitle "GM"]
[BlackTitle "GM"]
[WhiteElo "2497"]
[BlackElo "2599"]
[WhiteFideId "2900041"]
[BlackFideId "14129574"]
[EventDate "2021.05.24"]
[EventType "k.o."]

1. e4 c5 2. Ne2 Nc6 3. Nbc3 Nf6 4. d4 cxd4 5. Nxd4 d6 6. Be2 e5 7. Nf3 h6 8. O-O
Be7 9. Re1 O-O 10. h3 a6 11. Bf1 Qc7 12. a3 b5 13. Nh2 Bd8 14. Be3 Be6 15. Be2
Ne7 16. Ng4 Nxg4 17. Bxg4 Qc6 18. Qd3 Ba5 19. b4 Bb6 20. a4 Bc4 21. Qd2 Bxe3 22.
Rxe3 Rfd8 23. axb5 axb5 24. Ree1 Rxa1 25. Rxa1 Qb6 26. Be2 Bxe2 27. Qxe2 Qd4 28.
Qd3 Qxb4 29. Rb1 Qa3 30. Nd5 Qxd3 31. Nxe7+ Kf8 32. cxd3 Kxe7 33. Rxb5 Ra8 34.
Kf1 Ra2 35. Ke1 g6 36. h4 Ke6 37. Rb7 h5 1/2-1/2